000 00829nam a2200253 a 4500
001 8595
003 BD-RjUL
005 20211208234622.0
008 14 t1963 n a 00000 eng
035 _a(BD-RjUL)8640
040 _aDLC
_cSMI
_dBOS
_dBD-RjUL
_dBD-RjUL
_beng
041 _aeng
082 0 4 _223
_a530.13
_bSTA 1963
245 1 0 _aStatistical physics /
_c[by] G. E. Uhlenbeck [and others] Notes by N. Ranganathan, H. Leff [and] N. Wheeler.
260 _aNew York :
_bW. A. Benjamin,
_cc1963.
300 _aV. :
_bill. ;
_c24 cm.
500 _aIncludes index
505 0 _aVol.3
650 0 _aStatistical mechanics.
_926788
700 1 0 _aUhlenbeck, George Eugene ... [et. al.].
_d1900-
_926789
710 2 _aBrandeis University Summer Institute in Theoretical Physics.
_926790
942 _2ddc
_cBK
999 _c8595
_d8595